000
00288nam a22001217a 4500
008
190313b xxu||||| |||| 00| 0 eng d
041
_a
eng
080
_a
043.3
100
_a
0
101
_a
MBE-BA
245
_a
E-Banking dhe Sfidat e ofrimit te sherbimeve
_c
Baholli, D
942
_2
udc
_c
BK
999
_c
54769
_d
54769